Землі Германіі (з мапай) - Statistics

General Stats
  • This quiz has been taken 7 times
  • The average score is 6 of 16
Answers on the Map
Answers color-coded by a green-red scale on the quiz's map according to % correct below.
 
Answer Stats
Answer % Correct
Берлін
71%
Гамбург
71%
Брэмен
71%
Баварыя
71%
Саксонія
57%
Шлезвіг-Гольштэйн
43%
Бадэн-Вюртэмберг
43%
Саар
43%
Брандэнбург
29%
Мекленбург-Пярэдняя Памеранія
29%
Саксонія-Анхальт
14%
Рэйнланд-Пфальц
14%
Паўночны Рэйн-Вестфалія
14%
Цюрынгія
14%
Ніжняя Саксонія
0%
Гесэн
0%
No matching quizzes found
Score Distribution
Percent of People with Each Score
Percentile by Number Answered
Your Score History
You have not taken this quiz